Statistics for Dark Souls 2 Locations

Click here to take the quiz!

General Stats

  • This quiz has been taken 90 times
    (88 since last reset)
  • The average score is 29 of 46

Answer Stats

Area Boss/HintAnswer% Correct
Central hub locationMajula
96%
Ruin SentinelsThe Lost Bastille
84%
Belfry GargoylesBelfry Luna
80%
Flexile SentryNo-man's Wharf
80%
Lost SinnerSinners' Rise
80%
Twin DragonridersDrangleic Castle
78%
DragonriderHeide's Tower of Flame
78%
Demon of SongShrine of Amana
78%
Where you start &
make your character
Things Betwixt
78%
The RottenBlack Gulch
76%
Smelter Demon/
Old Iron King
Iron Keep
76%
The Last Giant/PursuerForest of Fallen Giants
74%
Skeleton LordsHuntsman's Copse
74%
Dark platforming area with poison spitting statuesThe Gutter
74%
Guardian DragonAldia's Keep
72%
Covetous Demon/
Mytha, The Baneful Queen
Earthen Peak
72%
Royal Rat AuthorityDoors of Pharros
70%
Executioner's ChariotUndead Purgatory
70%
Old DragonslayerCathedral of Blue
68%
Scorpioness NajkaShaded Woods
68%
Prowling Magus and Congregation/
The Duke's Dear Freja
Brightstone Cove Tseldora
66%
Location to join the Bell Keeper's CovenantBelfry Sol
64%
Lud and Zallen, The King's PetsFrigid Outskirts
64%
Royal Rat VanguardGrave of Saints
64%
Poison filled area with pyromancer womenHarvest Valley
64%
Giant LordMemory of Jeigh
64%
Throne Watcher and Throne Defender/Nashandra/
Aldia, Scholar of the First Sin
Throne of Want
64%
Area filled with flying dragons and a very shaky rope bridgeDragon Aerie
62%
Aava, The King's PetFrozen Eleum Loyce
62%
Fume KnightBrume Tower
60%
Burnt Ivory KingOld Chaos
60%
Velstadt, The Royal Aegis/
Vendrick
Undead Crypt
60%
Ancient DragonDragon Shrine
58%
Looking Glass KnightKing's Passage
56%
DarklurkerDark Chasm of Old
54%
Area filled with raiseable platforms, accessed using the Dragon TalonShulva, Sanctum City
52%
Blue Smelter DemonIron Passage
50%
Memory accessed by the Giant
tree after the Pursuer fight
Memory of Orro
50%
Cerah the Old Explorer, Ancient
Soldier Varg and the Afflicted Graverobber
Cave of the Dead
48%
Sir AlonneMemory of the Old Iron King
46%
Elana, The Squalid Queen/
Sinh, The Slumbering Dragon
Dragon's Rest
42%
Memory accessed by approaching Vendrick's armour in his bossroomMemory of the King
42%
Memory accessed by the dead creature in Duke's Dear Freja's bossroomDragon Memories
38%
Memory accessed by the Giant
tree near Mild Mannered Pate's
first location
Memory of Vammar
38%
Where Alsanna greets you & melts the iceGrand Cathedral
30%
Area with ghostly Sanctum KnightsDragon's Sanctum
28%

Score Distribution

Percentile by Number Answered

Percent of People with Each Score

Your Score History

You have not taken this quiz since the last reset